000 00450nam a2200169 a 4500
001 0000-8644
003 ELIB.Books
008 110520 1916
035 _a(ELIB.Books)0000-8790
082 _a225
_bKen
100 _aKent, Charles Foster
245 _aThe Work and Teachings of the Apostles
260 _bNew York: Charles Scribner's Sons
_c1916
650 _aNew Testament
942 _2ddc
_cBK
998 _cbat
_e2011-05-20
999 _c8644
_d8644